000
00329nam a22001457a 4500
008
210519b ||||| |||| 00| 0 eng d
020
_a
9781457646768
041
_a
eng
080
_a
82
082
_a
82
100
_a
21
101
_a
GJL
245
_a
Conversations in American Literature
_c
Robin D. Aufses
942
_2
udc
_c
BK
999
_c
57525
_d
57525